| 000 | 00917cam a22002534a 4500 | ||
|---|---|---|---|
| 001 | 15226173 | ||
| 005 | 20141211105451.0 | ||
| 008 | 080320t2008 gw d frb 001 0 eng d | ||
| 010 | _a2008925415 | ||
| 020 | _a9783540782643 (hardcover : alk. paper) | ||
| 040 |
_aDLC _cDLC _dEG-ScBUE |
||
| 082 | 0 | 0 |
_222 _a382 _bZHA |
| 100 | 1 |
_aZhang, Wei-Bin, _d1961- _936866 |
|
| 245 | 1 | 0 |
_aInternational trade theory : _bcapital, knowledge, economic structure, money, and prices over time / _cWei-Bin Zhang. |
| 260 |
_aBerlin : _bSpringer, _cc.2008. |
||
| 300 |
_ax, 522 p. : _bcharts ; _c24 cm. |
||
| 500 | _aBased on the author's previous book: The theory of international trade. c.2000. | ||
| 500 | _aIndex : p. [507]-522. | ||
| 504 | _aBibliography : p. [483]-506. | ||
| 650 | 0 |
_aInternational trade _xEconometric models _936867 |
|
| 653 |
_bBUSADM _cDecember2014 |
||
| 655 |
_vreading book _934232 |
||
| 942 |
_2ddc _k382 ZHA |
||
| 999 |
_c18752 _d18724 |
||